[Event "ESP-ch Rapid 2018"]
[Site "Linares"]
[Date "2018.08.19"]
[Round "3"]
[White "Cruz Lledo, Pablo"]
[Black "Calzetta Ruiz, Monica"]
[Result "1-0"]
[WhiteElo "2432"]
[BlackElo "2302"]
[Annotator "TA"]
[PlyCount "139"]
[EventDate "2018.08.19"]
[EventType "team-tourn"]
[EventCountry "ESP"]
[SourceTitle "playchess.com"]
[Source "ChessBase"]
[SourceQuality "1"]

{[%evp 9,139,41,131,97,135,119,105,95,128,88,92,38,164,64,60,41,72,59,65,47,56,26,59,2,6,12,7,12,8,6,7,8,48,4,29,20,28,0,40,41,56,-19,123,121,148,118,299,259,245,84,242,138,175,117,126,117,135,122,132,5,42,0,104,0,87,17,16,17,17,17,17,18,131,146,336,316,294,122,265,258,270,59,49,59,161,44,145,137,142,63,127,36,44,5,2,5,86,65,70,66,146,134,133,103,127,77,136,137,140,89,96,101,102,8,8,8,8,8,8,8,8,8,8,8,8,8,576,572,2333,1170,29988,29989]} 1. d4 Nf6 2. c4 c5 3. d5 b5 4. f3 e6 5. e4 exd5 (5... Nxe4 $2 6. fxe4 Qh4+ 7. Ke2 $18) (5... bxc4 $14 6. Nc3 Ba6) 6. cxd5 {A57: Benko/Volga Gambit} c4 7. Be3 Bb4+ 8. Nc3 {White is better.} d6 $146 ({Predecessor:} 8... Qe7 9. Qd2 d6 10. Nge2 Bd7 11. Nd4 O-O 12. Be2 Na6 13. O-O Nc5 14. Rad1 h6 15. Bf4 {½-½ (15) Larsen,S (2320)-Nielsen,U (2385) Denmark 1994}) 9. Nge2 O-O 10. Ng3 (10. Nd4 $16) 10... Qa5 (10... Nbd7 $14) 11. Qd2 (11. a4 $18) 11... Nbd7 {[%cal Bb8d7,Bd7c5,Bc5a4][%mdl 32]} 12. Be2 Nc5 13. O-O Na4 {[%cal Ra4c3]} 14. Bd4 {Black must now prevent Bxf6.} Bc5 15. Rab1 Bd7 16. Kh1 (16. Bxc5 $14 Nxc5 17. Qd4) 16... Bxd4 $11 17. Qxd4 Nxc3 18. bxc3 Rfe8 19. Rb2 Qa3 20. Rfb1 a5 21. Qd2 Qc5 22. Nf1 a4 23. Ne3 Nh5 24. Bf1 h6 25. Nc2 ({Better is} 25. Rb4 $14) 25... Re5 (25... a3 $11 26. Rb4 f5) 26. Nd4 $16 Rb8 {intending ...f5.} 27. Rb4 Rb6 $2 (27... f5 $16) 28. g4 Nf6 {[#]} 29. Bg2 $2 (29. Bxc4 $1 $18 {[%mdl 512]} Re8 (29... bxc4 30. Rxb6) 30. Bxb5) 29... g5 $2 (29... Ne8 $16) 30. Nc2 (30. Bf1 $18) 30... h5 31. h3 (31. gxh5 $18 {Strongly threatening Ne3.} Nxh5 32. Na3) 31... hxg4 32. hxg4 Kg7 33. Qd4 Ra6 34. Ne3 (34. Na3 $16) 34... Re8 35. Kg1 Rh8 (35... Qxd4 $11 36. cxd4 Ng8) 36. R4b2 (36. Qd2 $1 $16) 36... a3 (36... Qxd4 $11 37. cxd4 a3) 37. Rd2 (37. Qxc5 $16 dxc5 38. Rxb5 Bxb5 39. Rxb5) 37... Qxd4 $11 38. Rxd4 Raa8 39. Nc2 Rh4 40. Rd2 Rah8 (40... Ne8 $11 {remains equal.}) 41. Nxa3 $16 Bxg4 $2 (41... Ra8 $16 {was called for.}) 42. Nxb5 Bh3 43. Rbb2 (43. Nxd6 $18 {and the rest is easy. And now Rb7 would win.} Ne8 44. Nxe8+ (44. Nxc4 Bxg2 45. Kxg2 Nd6 $16) 44... Rxe8 45. Rb4) 43... Nh5 (43... Nd7 $16 44. Nxd6 Ne5) 44. Nxd6 $18 Nf4 45. Nf5+ $2 ({Inferior is} 45. Nxc4 Bxg2 46. Rxg2 Rh1+ 47. Kf2 Nxg2 $11) (45. Rb6 $18) 45... Bxf5 $1 $14 46. exf5 Rd8 {[#]} (46... Kf6 $14) 47. d6 (47. a4 $1 $18) 47... Kf6 (47... Nd3 $14 48. Rb6 Rh6) 48. d7 $16 Kxf5 49. Rb5+ (49. a4 $16) 49... Kf6 (49... Ke6 $1 $14) 50. Bf1 ({White should play} 50. a4 $16) 50... g4 $14 51. fxg4 Rxg4+ 52. Kf2 {Hoping for Kf3.} Ke7 (52... Nd3+ $1 $11 {keeps the balance.} 53. Bxd3 Rxd7) 53. Kf3 $16 Rh4 54. Rd4 Ng6 (54... Rh1 $1 $14 55. Bxc4 (55. Rxf4 Rxf1+ 56. Ke4 Rxf4+ 57. Kxf4 Ra8 $11) 55... Ne6) 55. Rxh4 Nxh4+ {[%mdl 4096] Endgame KRB-KRN} 56. Ke4 Rxd7 57. Bxc4 Rc7 {[#]} (57... f5+ $142 58. Ke5 Nf3+ 59. Kxf5 Rc7) 58. Kd3 $1 Ng6 59. Bb3 ({White should try} 59. Kd4) 59... Nf4+ 60. Kd2 Ne6 61. Bxe6 (61. Rf5 $16) 61... Kxe6 {KR-KR} 62. a4 f5 63. a5 Rd7+ 64. Ke3 {Threatening a6.} Rc7 65. Kd3 Rd7+ 66. Kc4 {White wants to play Rb8.} f4 67. a6 {Black should prevent Rb6+.} Ra7 $2 {[%mdl 8192]} (67... f3 $1 $11 {and Black is okay.}) 68. Ra5 $18 Kd6 69. Kb5 Ke5 70. Kb6+ {Precision: White = 31%, Black = 32%.} 1-0

[Event "ESP-ch Rapid 2018"]
[Site "Linares"]
[Date "2018.08.19"]
[Round "3"]
[White "Llobell Cortell, Enrique"]
[Black "Garcia Cuenca, Victor"]
[Result "0-1"]
[WhiteElo "2411"]
[BlackElo "2351"]
[Annotator "TA"]
[PlyCount "65"]
[EventDate "2018.08.19"]
[EventType "team-tourn"]
[EventCountry "ESP"]
[SourceTitle "playchess.com"]
[Source "ChessBase"]
[SourceQuality "1"]

{[%evp 26,65,20,16,38,36,46,39,106,45,39,40,40,48,39,54,48,50,23,45,38,48,45,45,46,25,29,0,35,-12,7,0,0,0,0,0,0,0,3,-70,-83,-80]} 1. e4 c5 2. Nc3 e6 3. Nf3 a6 4. d4 cxd4 5. Nxd4 d6 6. g3 Nf6 7. Bg2 Bd7 8. O-O Nc6 9. Nxc6 Bxc6 10. Bf4 {B80: Sicilian Scheveningen: 6 g3 and 6 Be3, including English Attack} (10. a4 Be7 11. Be3 Rc8 12. a5 Nd7 13. Na4 O-O 14. Re1 f5 15. exf5 Bxg2 16. Kxg2 Rxf5 17. Nb6 Nxb6 18. Bxb6 {0-1 (65) Hracek,Z (2610)-Saric,I (2662) Germany 2017}) 10... Be7 11. e5 dxe5 12. Bxc6+ bxc6 13. Bxe5 O-O 14. Qe2 {LiveBook: 3 Games} Qb6 15. b3 Nd7 16. Bf4 Bf6 (16... Qa5 $14 17. Ne4 Rfd8) 17. Na4 (17. Rad1 $16) 17... Qb5 $14 18. c4 $146 Qf5 19. Rad1 e5 $1 {[%cal Re5f4]} 20. Be3 e4 21. Rxd7 Qxd7 22. Nb6 Qf5 {[#] aiming for ...Rad8.} 23. Nxa8 Rxa8 24. Rd1 Be5 25. Bb6 Re8 26. Be3 h5 27. c5 Ra8 28. h4 a5 {[%cal Ba6a5,Ba5a4][%mdl 32]} 29. Bg5 f6 30. Bc1 a4 31. b4 Kh8 32. Qc2 ({White should try} 32. Kg2 $11) 32... Qg4 $1 $15 33. Re1 {Precision: White = 39%, Black = 57%.} 0-1

[Event "ESP-ch Rapid 2018"]
[Site "Linares"]
[Date "2018.08.19"]
[Round "3"]
[White "Merario Alarcon, Andres"]
[Black "Cuenca Jimenez, Jose Fernando"]
[Result "0-1"]
[WhiteElo "2406"]
[BlackElo "2506"]
[Annotator "TA"]
[PlyCount "58"]
[EventDate "2018.08.19"]
[EventType "team-tourn"]
[EventCountry "ESP"]
[SourceTitle "playchess.com"]
[Source "ChessBase"]
[SourceQuality "1"]

{[%evp 28,58,68,67,105,104,96,54,60,61,98,45,89,-3,0,0,0,-29,0,-81,-34,-50,-50,-229,-229,-1519,-1492,-1488,-1452,-1793,-1675,-1660,-1677]} 1. d4 Nf6 2. c4 g6 3. f3 Bg7 4. e4 d6 5. Nc3 O-O 6. Nge2 c5 7. d5 e6 8. Ng3 exd5 9. cxd5 a6 10. a4 h5 11. Bg5 Nbd7 12. Be2 Re8 13. Qd2 Qa5 14. O-O {A65: Modern Benoni: 6 e4} Nh7 15. Bh6 {[#] LiveBook: 17 Games} Bxh6 $146 ({Predecessor:} 15... Bd4+ 16. Be3 Qb4 17. Rfd1 Bg7 18. a5 b5 19. axb6 Nxb6 {½-½ (28) Standke,W (2523)-Grigoryev,V (2529) ICCF email 2007}) 16. Qxh6 {White is better.} Qb4 17. Rfd1 Qxb2 18. Rac1 Ndf6 19. h3 (19. Nf1 $16) 19... Qb6 20. f4 ({White should play} 20. Nf1 $16) 20... c4+ 21. Kh2 Qe3 {...Bxh3! is the strong threat.} 22. Nf1 Qf2 23. Bf3 (23. Ng3 $11 {remains equal.}) 23... Kh8 {White must now prevent ...Ng8.} 24. f5 $1 {[%cal Rf5g6]} gxf5 25. Nd2 $2 {[#]} ({Of course not} 25. Rd2 Qh4 $17) (25. Ng3 $15) 25... Rg8 $1 $19 {[%cal Rg8g6]} 26. Qf4 $2 {[#]} ({Reject} 26. Kh1 Qh4 $17) (26. Ne2 b5 27. Qf4) 26... Rxg2+ $1 {[%mdl 512] Black is clearly winning.} 27. Kh1 (27. Bxg2 Qxf4+) 27... Rg3 28. Qh4 {[#]} Rg1+ $1 {[%mdl 512]} 29. Rxg1 Qxh4 {Precision: White = 20%, Black = 39%.} 0-1

[Event "ESP-ch Rapid 2018"]
[Site "Linares"]
[Date "2018.08.19"]
[Round "3"]
[White "Fernandez Garcia, Jose Miguel"]
[Black "Lopez Gonzalez, Alfonso"]
[Result "1-0"]
[WhiteElo "2404"]
[BlackElo "2063"]
[Annotator "TA"]
[PlyCount "73"]
[EventDate "2018.08.19"]
[EventType "team-tourn"]
[EventCountry "ESP"]
[SourceTitle "playchess.com"]
[Source "ChessBase"]
[SourceQuality "1"]

{[%evp 11,73,-64,-40,-35,-41,-43,-42,-45,-32,-26,-4,-10,20,-1,0,1,167,165,175,-26,0,0,0,0,0,7,3,15,82,82,82,82,82,82,82,82,82,82,82,82,82,82,78,77,96,92,183,169,709,708,706,704,685,683,792,776,1012,1002,1012,993,5389,5402,2806,2522]} 1. e4 e6 2. d4 d5 3. Nc3 Nf6 4. e5 Nfd7 5. Qh5 c5 6. Nf3 {C11: French: Classical System: 4 e5 and 4 Bg5 dxe4} g6 {LiveBook: 3 Games} 7. Qg5 Qxg5 8. Bxg5 {Black is slightly better.} a6 9. Ne2 Nc6 10. c3 b6 $146 ({Predecessor:} 10... h6 11. Be3 cxd4 12. cxd4 Bb4+ 13. Bd2 {1-0 (45) Khader,S (2385)-Mohamed,S Dubai 2004}) 11. h4 h5 12. O-O-O a5 13. Nf4 {c4 is the strong threat.} Ba6 $2 (13... c4 $11 {and Black stays safe.}) 14. Bxa6 $18 Rxa6 {[#]} 15. Rhe1 $2 ({White has to play} 15. c4 $1 $18) 15... cxd4 16. cxd4 $40 {[%mdl 128] White attacks.} Be7 17. Kb1 b5 18. Rc1 Bxg5 19. Nxg5 {Threatening Nxd5.} O-O (19... Ndb8 $1 $11 {remains equal.}) 20. Red1 $16 Rc8 21. f3 {[%cal Bf2f3,Bf3g4][%mdl 32]} Raa8 22. g4 hxg4 23. fxg4 Ne7 24. Rf1 Rxc1+ 25. Kxc1 Nc6 26. Ne2 Rf8 27. Kd2 Nb6 28. b3 a4 (28... Nd7 $16) 29. h5 $18 Kg7 $2 {[#]} (29... gxh5 30. gxh5 axb3 31. axb3 Ne7) 30. Nxe6+ $1 {[%mdl 512] White is clearly winning.} fxe6 {[#]} 31. h6+ $1 {[%mdl 512]} Kxh6 32. Rxf8 {KRN-KNN} Kg7 33. Rf6 Nd8 34. Nf4 axb3 35. axb3 Nd7 36. Nxe6+ Nxe6 37. Rxe6 {Precision: White = 70%, Black = 26%.} 1-0

[Event "ESP-ch Rapid 2018"]
[Site "Linares"]
[Date "2018.08.19"]
[Round "3"]
[White "Camacho Collados, Marcos"]
[Black "Anton Guijarro, David"]
[Result "0-1"]
[WhiteElo "2393"]
[BlackElo "2652"]
[Annotator "TA"]
[PlyCount "70"]
[EventDate "2018.08.19"]
[EventType "team-tourn"]
[EventCountry "ESP"]
[SourceTitle "playchess.com"]
[Source "ChessBase"]
[SourceQuality "1"]

{[%evp 27,70,15,32,26,37,29,33,43,33,0,0,0,0,0,72,8,13,7,21,0,0,-171,-174,-181,-137,-148,-126,-190,-134,-189,-111,-241,-7,-347,-322,-317,-317,-317,-317,-304,-323,-1013,-958,-5289,-1138]} 1. d4 Nf6 2. Nf3 e6 3. Bg5 Be7 4. Nbd2 d5 5. e3 Nbd7 6. Bd3 c5 7. c3 b6 8. Ne5 Nxe5 9. dxe5 Nd7 10. Bxe7 Qxe7 11. f4 O-O 12. O-O f6 13. exf6 {D03: Damenbauernspiele} Nxf6 (13... Rxf6 14. e4 Bb7 15. e5 Rf7 16. Qg4 Raf8 17. h4 c4 18. Bc2 Qc5+ 19. Kh2 Qe3 20. Rae1 Qxd2 {1-0 (29) Salgado Lopez,I (2643)-Ivic,V (2432) Ankara 2018}) 14. Nf3 Bb7 {LiveBook: 8 Partien} 15. Ne5 {Weiß steht etwas besser.} Rad8 16. Qe2 Nd7 17. Qh5 {[%csl Gd3][%cal Rh5h7] [#]} g6 18. Nxg6 $146 ({Vorgänger:} 18. Qg4 Nxe5 19. fxe5 Rxf1+ 20. Rxf1 Rf8 21. Rxf8+ Kxf8 {½-½ (37) Klauser,M (2391)-Landenbergue,C (2458) Leukerbad 2007}) 18... hxg6 19. Qxg6+ Qg7 {Und weiter mit ...Dxg6 wäre nett.} 20. Qxe6+ Rf7 (20... Qf7 $1 $11 21. Qh3 Qg7) 21. Rf3 (21. Bg6 $16) 21... Nf8 $11 22. Qh3 {zielt auf Tg3 ab.} Qf6 23. Qh5 Rg7 24. Bf5 $2 (24. Rg3 $1 $11) 24... d4 $19 25. e4 dxc3 $40 {[%mdl 128] Schwarz will per K.O. gewinnen.} 26. bxc3 Rd2 {Und ...Dxf5! würde nun gewinnen.} 27. g4 {[#]} (27. g3 $17) 27... Qd6 (27... Re2 $1 $19 28. g5 Qf7 29. Qxf7+ Rxf7) 28. Raf1 (28. Re1 $17 {war angesagt.}) 28... Rd1 ({Finger weg von} 28... Rxa2 29. Rh3 $17) (28... Re2 $19 29. Qe8 (29. Rh3 $2 Bxe4 30. Bxe4 Rxe4 $19) 29... Bc6) 29. g5 (29. Qh3 $17 {war nötig.}) 29... Rxf1+ $2 (29... Re7 $19 {Droht ...La6 und aus.} 30. Qh6 Rxf1+ 31. Rxf1 Qd2) 30. Kxf1 $4 {[%mdl 8192]} (30. Rxf1 $11 {und Weiss steht sicher.} Qd3 31. Qe8) 30... Qd1+ 31. Kf2 {beabsichtigt De8.} Qc2+ 32. Kg3 Bxe4 33. Bxe4 Qxe4 34. f5 $2 (34. Rf2 Rd7 35. Qe2 Rd3+ 36. Kg4) 34... Qe5+ 35. Kg4 Rh7 {Precision: Weiß = 31%, Schwarz = 55%.} (35... Nh7 $142 36. Qh6 Nxg5) 0-1

[Event "ESP-ch Rapid 2018"]
[Site "Linares"]
[Date "2018.08.19"]
[Round "3"]
[White "Suarez Uriel, Adrian"]
[Black "Ibarra Jerez, Jose Carlos"]
[Result "0-1"]
[WhiteElo "2391"]
[BlackElo "2570"]
[Annotator "TA"]
[PlyCount "62"]
[EventDate "2018.08.19"]
[EventType "team-tourn"]
[EventCountry "ESP"]
[SourceTitle "playchess.com"]
[Source "ChessBase"]
[SourceQuality "1"]

{[%evp 12,62,49,13,10,-1,0,-16,-14,-12,0,-14,-19,-20,-23,-21,-29,-24,0,-62,-6,-19,-5,-122,-120,-117,-125,-119,-121,-128,-142,-309,-303,-414,-431,-431,-412,-387,-391,-924,-929,-1106,-1102,-1177,-1210,-1163,-1170,-29989,-29990,-29990,-29991,-29997,-29998]} 1. e4 c5 2. Nf3 e6 3. d4 cxd4 4. Nxd4 Qb6 5. Nb3 Qc7 6. Nc3 a6 7. Be2 {LiveBook: 4 Partien. B40: Sizilianisch (Klassisches System mit e7-e6)} (7. Bd3 Nf6 8. f4 d6 9. Qf3 Nbd7 10. g4 h6 11. Bd2 b5 12. h4 h5 13. g5 Ng4 14. O-O-O Bb7 15. Kb1 b4 16. Ne2 Qb6 17. Nbd4 {1-0 (36) Guliyev,N (2690)-Bauer,C (2740) Le Port Marly 2012}) 7... b5 8. O-O Bb7 9. a3 {Die Stellung ist ausgeglichen.} Nf6 10. Qd3 d6 11. f4 Nbd7 12. Bf3 $146 ({Vorgänger:} 12. Be3 Be7 13. Bf3 Rc8 14. Rad1 Nb6 15. g4 Nc4 16. Bc1 {½-½ (16) Lukas,N (2202)-Rathje,C Ahrensburg 2001}) 12... Rc8 13. Bd2 Be7 14. Rae1 e5 15. f5 ({Günstiger ist} 15. Qe2 $11) 15... h5 ({Lieber} 15... Nb6 $15) 16. Kh1 h4 {[%cal Bh5h4,Bh4h3][%mdl 32]} 17. Nd1 (17. Be3 $11 {bleibt in der Remisbreite.}) 17... Qxc2 18. Qxc2 Rxc2 19. Bc3 h3 $36 {[%mdl 2048] Weiss steht unter starkem Druck.} 20. g4 Rh4 21. Nf2 $2 (21. Ne3 $17 {war angesagt.} Rxc3 22. bxc3) 21... Bd8 $19 22. Na1 {[#]} Rxf2 $1 {[%mdl 512]} 23. Rxf2 Nc5 {[%cal Bd7c5,Bc5e4,Be4f2][%mdl 32]} 24. Rfe2 Nxg4 {Droht stark ...Sxe4!} 25. Rg1 $2 {[#]} (25. Rf1 Nh6 26. Be1) 25... Nxe4 $1 {[%mdl 512] ( -> ...Sgf2+)} 26. Rf1 {[#]} (26. Rxe4 Nf2#) 26... Nef2+ $1 {[%mdl 512]} 27. Rfxf2 (27. Rexf2 Nxf2+) 27... Nxf2+ 28. Rxf2 Rf4 29. Bxb7 Rxf2 {[%cal Rf2f1] Schwarz setzt Matt.} 30. Kg1 Bb6 31. Bxa6 Rxf5+ {Precision: Weiß = 19%, Schwarz = 74%.} 0-1

[Event "ESP-ch Rapid 2018"]
[Site "Linares"]
[Date "2018.08.19"]
[Round "3"]
[White "Vega Gutierrez, Sabrina"]
[Black "Tejedor Fuente, Enrique"]
[Result "0-1"]
[WhiteElo "2390"]
[BlackElo "2408"]
[Annotator "TA"]
[PlyCount "68"]
[EventDate "2018.08.19"]
[EventType "team-tourn"]
[EventCountry "ESP"]
[SourceTitle "playchess.com"]
[Source "ChessBase"]
[SourceQuality "1"]

{[%evp 22,68,-3,-25,0,-34,-33,-114,-114,-124,-119,-115,-20,-57,-46,-86,-106,-117,105,102,110,116,100,101,152,95,102,0,0,0,53,-65,-46,-58,-61,-104,-67,-91,0,-151,-71,-280,-88,-170,-77,-97,-83,-29986,-29987]} 1. e4 c5 2. d3 Nc6 3. g3 g6 4. Bg2 Bg7 5. f4 d6 6. Nf3 Nf6 {[%cal Bg8f6,Bf6d7,Bd7c5][%mdl 32]} 7. O-O O-O 8. h3 Rb8 9. Nc3 b5 10. g4 b4 11. Ne2 Nd7 {B25: Closed Sicilian: 3 g3, lines without early Be3} (11... a5 12. f5 c4 13. Be3 Ba6 14. Qd2 Ne5 15. Nxe5 dxe5 16. dxc4 Bxc4 17. Qxd8 Rfxd8 18. Rf2 Ne8 19. Ng3 Nd6 {½-½ (78) Amin,B (2663)-Can,E (2578) Dubai 2017}) 12. Ng3 {LiveBook: 3 Games} Ba6 13. g5 $146 ({Predecessor:} 13. Re1 Bb5 14. h4 Nd4 15. h5 Ba4 16. Nxd4 Bxd4+ 17. Kh2 e5 18. f5 Qh4+ 19. Bh3 {0-1 (60) Amores Gago,J (2148)-Gual Pascual,A (2432) Barcelona 2015}) 13... c4 {Black is slightly better.} 14. Re1 ({White should try} 14. Rf2 $15) 14... cxd3 $1 $17 15. cxd3 Nc5 16. Bf1 {d4 would now be nice for White.} Qb6 ({Black should play} 16... Ne6 $17 17. Kg2 Rc8) 17. Be3 {White wants to play d4.} Bxb2 18. Rb1 Bc3 19. d4 {[#]} Bxf1 $2 (19... Nxe4 $1 $17 {[%mdl 512] and life is bright.} 20. Nxe4 Bxe1 21. Qxe1 Bxf1 22. Qxf1 Qa5) 20. dxc5 $16 dxc5 21. Rxf1 Rfd8 22. Qc2 a5 (22... Nd4 $142 23. Bxd4 cxd4) 23. Ne2 (23. Qf2 $142) 23... Nd4 24. Nfxd4 ({White has to play} 24. Bxd4 $1 $16 cxd4 25. Qd3) 24... cxd4 $11 25. Nxc3 {And now Nd5 would win.} Qc6 (25... Qc5 $1 $11 26. Bf2 bxc3) 26. Bf2 (26. Bxd4 $1 $14 Rxd4 27. Rfc1) 26... dxc3 $15 27. Rfd1 Rxd1+ 28. Rxd1 a4 {[%cal Ba5a4,Ba4b3][%mdl 32] aiming for ...b3.} 29. Bd4 Rc8 (29... Qc4 $1 $17 30. Be5 Rf8) 30. Kh2 $2 {[#]} (30. Be3 $1 $11) 30... Qb5 (30... Qc4 $142 $1 {Hoping for ...b3.} 31. Kg3 b3 32. axb3 axb3 33. Qxc3 Qxc3+ 34. Bxc3 Rxc3+ 35. Kg2 Rc8) 31. Be5 $2 (31. Rb1 $17) 31... h6 $2 (31... b3 $19 {has better winning chances.} 32. Qg2 bxa2) 32. gxh6 {[#]} (32. Rd5 $17 Qb6 33. Bd4 (33. gxh6 $2 b3 $19)) 32... b3 (32... Kh7 $1 $19 {is more deadly.} 33. Rb1 Kxh6) 33. axb3 axb3 34. Qxc3 $2 {[%mdl 8192]} (34. h7+ $17 Kxh7 35. Qf2) 34... Qe2+ {Precision: White = 14%, Black = 27%.} 0-1

[Event "ESP-ch Rapid 2018"]
[Site "Linares"]
[Date "2018.08.19"]
[Round "3"]
[White "Campos Gambuti, Luis Maria"]
[Black "Alvarez Serrano, Carlos"]
[Result "1/2-1/2"]
[WhiteElo "2382"]
[BlackElo "2225"]
[Annotator "NA"]
[PlyCount "145"]
[EventDate "2018.08.19"]
[EventType "team-tourn"]
[EventCountry "ESP"]
[SourceTitle "playchess.com"]
[Source "ChessBase"]
[SourceQuality "1"]
[TimeControl "900+5"]

1. d4 {[%emt 0:00:00]} d5 {[%emt 0:00:00]} 2. Nc3 {[%emt 0:00:00]} Nf6 {[%emt 0:00:00]} 3. Bg5 {[%emt 0:00:00]} Nbd7 {[%emt 0:00:03]} 4. Qd3 {[%emt 0:00:00]} h6 {[%emt 0:00:08]} 5. Bh4 {[%emt 0:00:01]} c6 {[%emt 0:00:01]} 6. Nf3 {[%emt 0:00:05]} g5 {[%emt 0:00:16]} 7. Bg3 {[%emt 0:00:01]} Bg7 {[%emt 0:00:02]} 8. h4 {[%emt 0:00:34]} g4 {[%emt 0:00:02]} 9. Ne5 {[%emt 0:00:01]} Nh5 {[%emt 0:00:26]} 10. Nxg4 {[%emt 0:02:32]} Nxg3 {[%emt 0:00:12]} 11. fxg3 {[%emt 0:00:02]} Nc5 {[%emt 0:00:42]} 12. Qf3 {[%emt 0:01:40]} Bxd4 {[%emt 0:00:18]} 13. O-O-O {[%emt 0:00:02]} Bg7 {[%emt 0:00:28]} 14. e4 {[%emt 0:00:12]} Bxg4 {[%emt 0:00:21]} 15. Qxg4 {[%emt 0:00:14]} Bxc3 {[%emt 0:00:03]} 16. bxc3 {[%emt 0:00:02]} Nxe4 {[%emt 0:00:10]} 17. c4 {[%emt 0:00:10]} Qa5 {[%emt 0:00:26]} 18. Rd3 {[%emt 0:01:09]} Qxa2 {[%emt 0:00:11]} 19. Qg7 {[%emt 0:01:21]} O-O-O {[%emt 0:00:18]} 20. cxd5 {[%emt 0:00:33]} cxd5 {[%emt 0:00:02]} 21. Rb3 {[%emt 0:00:43]} f6 {[%emt 0:00:25]} 22. Qxe7 {[%emt 0:00:44]} Rd7 {[%emt 0:00:25]} 23. Qa3 {[%emt 0:01:08]} Qxa3+ {[%emt 0:00:13]} 24. Rxa3 {[%emt 0:00:02]} Rg8 {[%emt 0:00:15]} 25. Rxa7 {[%emt 0:00:53]} Kb8 {[%emt 0:00:07]} 26. Ra4 {[%emt 0:00:29]} Nxg3 {[%emt 0:00:55]} 27. Rg1 {[%emt 0:00:01]} Nxf1 {[%emt 0:00:38]} 28. Rxf1 {[%emt 0:00:01]} Rxg2 {[%emt 0:00:01]} 29. Rxf6 {[%emt 0:00:06]} Rc7 {[%emt 0:00:01]} 30. Rf8+ {[%emt 0:00:08]} Rc8 {[%emt 0:00:01]} 31. Ra8+ {[%emt 0:00:01]} Kxa8 {[%emt 0:00:01]} 32. Rxc8+ {[%emt 0:00:02]} Ka7 {[%emt 0:00:00]} 33. Rd8 {[%emt 0:00:19]} Rg4 {[%emt 0:00:14]} 34. Rxd5 {[%emt 0:00:03]} Rxh4 {[%emt 0:00:02]} 35. Rd6 {[%emt 0:00:09]} Rh2 {[%emt 0:00:08]} 36. Kb2 {[%emt 0:00:01]} Kb8 {[%emt 0:00:05]} 37. Rd7 {[%emt 0:00:04]} Ka7 {[%emt 0:00:17]} 38. Rd6 {[%emt 0:00:01]} b6 {[%emt 0:00:07]} 39. Kb3 {[%emt 0:00:35]} Ka6 {[%emt 0:00:02]} 40. Rd5 {[%emt 0:00:03]} h5 {[%emt 0:00:31]} 41. c4 {[%emt 0:00:29]} h4 {[%emt 0:00:40]} 42. Rh5 {[%emt 0:00:03]} h3 {[%emt 0:00:41]} 43. Ka3 {[%emt 0:00:01]} Rh1 {[%emt 0:00:24]} 44. Kb3 {[%emt 0:00:03]} h2 {[%emt 0:00:09]} 45. Kb2 {[%emt 0:00:09]} Kb7 {[%emt 0:00:01]} 46. Rh6 {[%emt 0:00:12]} Kc7 {[%emt 0:00:00]} 47. Ka2 {[%emt 0:00:02]} Kd7 {[%emt 0:00:03]} 48. Kb2 {[%emt 0:00:02]} Ke7 {[%emt 0:00:02]} 49. Ka2 {[%emt 0:00:02]} Kf7 {[%emt 0:00:02]} 50. Kb2 {[%emt 0:00:05]} Kg7 {[%emt 0:00:01]} 51. Rh3 {[%emt 0:00:02]} Kg6 {[%emt 0:00:03]} 52. Rh8 {[%emt 0:00:06]} Kf5 {[%emt 0:00:03]} 53. Ka2 {[%emt 0:00:07]} Ke4 {[%emt 0:00:05]} 54. Kb2 {[%emt 0:00:03]} Kd3 55. Rh4 Kd2 {[%emt 0:00:19]} 56. Rh3 {[%emt 0:00:11]} Ke2 {[%emt 0:00:08]} 57. Ka2 {[%emt 0:00:06]} Kf2 {[%emt 0:00:04]} 58. Rh8 {[%emt 0:00:04]} Kg2 {[%emt 0:00:08]} 59. Rg8+ {[%emt 0:00:01]} Kf3 {[%emt 0:00:01]} 60. Rh8 {[%emt 0:00:03]} Kg3 {[%emt 0:00:09]} 61. Rg8+ {[%emt 0:00:01]} Kf4 {[%emt 0:00:01]} 62. Rh8 {[%emt 0:00:02]} Ke5 {[%emt 0:00:01]} 63. Rh4 {[%emt 0:00:09]} Kd6 {[%emt 0:00:02]} 64. Rh5 {[%emt 0:00:01]} Rc1 {[%emt 0:00:59]} 65. Rxh2 {[%emt 0:00:05]} Rxc4 {[%emt 0:00:01]} 66. Kb3 {[%emt 0:00:09]} Rg4 {[%emt 0:00:03]} 67. Rh5 {[%emt 0:00:03]} Kc6 {[%emt 0:00:03]} 68. Kb2 {[%emt 0:00:06]} Rg3 {[%emt 0:00:03]} 69. Rf5 {[%emt 0:00:02]} b5 {[%emt 0:00:01]} 70. Re5 {[%emt 0:00:02]} Kb6 {[%emt 0:00:01]} 71. Rf5 {[%emt 0:00:03]} Ka5 {[%emt 0:00:01]} 72. Rf4 {[%emt 0:00:05]} b4 {[%emt 0:00:06]} 73. Rf8 {[%emt 0:00:02]} 1/2-1/2